000 00597nam a22002297a 4500
003 UA-OsUOA
001 21967
007 ta
008 20031215b un ||||| |||| 00| 0 ukr d
090 _a011(477)
_bУ45
942 _cBK
040 _aUA-OsUOA
_bukr
_cUA-OsUOA
_dUA-OsUOA
245 _aУкраїнська радянська бібліографія
_cРед. Ф.К.Сарана Д.Д.Тараманова
300 _a264 с.
955 _a0
041 _aukr
080 _a011(477)
260 _a1980
_bВища школа
_c1980
044 _aUA
650 7 _2UDC
999 _c308177
_d308177